000 002650000a22000970004500
773 0 _tIglesia y Misión
100 1 _aSteuernagel, Valdir R.
245 1 0 _aViñetas centroamericanas (I)
300 _aVol. 10, Num 3 (Julio-Septiembre, 1991) Páginas 24-27
942 _cANA
999 _c51927
_d51927